| 000 | 00879nam a22002297a 4500 | ||
|---|---|---|---|
| 001 | 71320 | ||
| 003 | BD-RjUL | ||
| 005 | 20211209082112.0 | ||
| 008 | 170502s1981 ii a|||| b||| 00| 0 ben d | ||
| 035 | _a(BD-RjUL)71536 | ||
| 040 |
_aBD-RjUL _bben _cBD-RjUL |
||
| 041 | _aben | ||
| 082 |
_223 _a633.0954 _bMAP 1981 |
||
| 100 | 1 |
_aমজুমদার, মতিলাল _9211059 |
|
| 245 | 1 | 0 |
_aপূর্ব ভারতের ফসল / _cমতিলাল মজুমদার |
| 260 |
_aকলিকাতা _bপশ্চিমবঙ্গ রাজ্য পুস্তক পর্ষদ, _c১৯৮১ |
||
| 300 |
_a[১৮], ৮৬৩ পৃ _bচিত্র ; _c২২ সেমি |
||
| 504 | _aসংযুক্ত গ্রন্থপুঞ্জি | ||
| 650 |
_aফসল _zভারত _9211060 |
||
| 650 |
_aCrops _zIndia _9161653 |
||
| 942 |
_2ddc _cBK |
||
| 999 |
_c71320 _d71320 |
||